<?xml version="1.0" encoding="UTF-8"?>
<marc:record xmlns:marc="http://www.loc.gov/MARC21/slim">
   <marc:leader>00000nam a2200000 a 4500</marc:leader>
   <marc:datafield ind1="1" ind2=" " tag="100">
      <marc:subfield code="a">Gellersen, Ruth</marc:subfield>
      <marc:subfield code="4">ctb</marc:subfield>
      <marc:subfield code="e">Mitwirkende/-r</marc:subfield>
   </marc:datafield>
   <marc:datafield ind1="1" ind2=" " tag="100">
      <marc:subfield code="a">Scheffler, Axel</marc:subfield>
      <marc:subfield code="4">ill</marc:subfield>
      <marc:subfield code="e">Illustrator/-in</marc:subfield>
   </marc:datafield>
   <marc:datafield ind1=" " ind2=" " tag="653">
      <marc:subfield code="a">Kita</marc:subfield>
   </marc:datafield>
   <marc:datafield ind1=" " ind2=" " tag="653">
      <marc:subfield code="a">Kindergarten</marc:subfield>
   </marc:datafield>
   <marc:datafield ind1=" " ind2=" " tag="653">
      <marc:subfield code="a">Vorschule</marc:subfield>
   </marc:datafield>
   <marc:datafield ind1=" " ind2=" " tag="653">
      <marc:subfield code="a">Nachmittagsmarkt</marc:subfield>
   </marc:datafield>
   <marc:datafield ind1=" " ind2=" " tag="653">
      <marc:subfield code="a">Beschäftigung</marc:subfield>
   </marc:datafield>
   <marc:datafield ind1=" " ind2=" " tag="653">
      <marc:subfield code="a">Basteln</marc:subfield>
   </marc:datafield>
   <marc:datafield ind1=" " ind2=" " tag="653">
      <marc:subfield code="a">Kreativität</marc:subfield>
   </marc:datafield>
   <marc:datafield ind1=" " ind2=" " tag="653">
      <marc:subfield code="a">Angst</marc:subfield>
   </marc:datafield>
   <marc:datafield ind1=" " ind2=" " tag="653">
      <marc:subfield code="a">Mut</marc:subfield>
   </marc:datafield>
   <marc:datafield ind1=" " ind2=" " tag="653">
      <marc:subfield code="a">Wald</marc:subfield>
   </marc:datafield>
   <marc:datafield ind1=" " ind2=" " tag="653">
      <marc:subfield code="a">Erlebnispädagogik</marc:subfield>
   </marc:datafield>
   <marc:datafield ind1=" " ind2=" " tag="653">
      <marc:subfield code="a">Softcover / Kinder- und Jugendbücher/Spielen</marc:subfield>
   </marc:datafield>
   <marc:datafield ind1=" " ind2=" " tag="653">
      <marc:subfield code="a">Lernen</marc:subfield>
   </marc:datafield>
   <marc:datafield ind1=" " ind2=" " tag="653">
      <marc:subfield code="a">Spielen</marc:subfield>
   </marc:datafield>
   <marc:datafield ind1="0" ind2="0" tag="245">
      <marc:subfield code="a">Mach was mit dem Grüffelo</marc:subfield>
   </marc:datafield>
   <marc:datafield ind1="0" ind2="0" tag="245">
      <marc:subfield code="b">malen + rätseln, basteln + bauen, wissen + entdecken ; ein Aktivitätsheft zum Bilderbuch "Grüffelo" von Axel Scheffler und Julia Donaldson</marc:subfield>
   </marc:datafield>
   <marc:datafield ind1="0" ind2="0" tag="245">
      <marc:subfield code="c">Ruth Gellersen</marc:subfield>
   </marc:datafield>
   <marc:datafield ind1=" " ind2="1" tag="264">
      <marc:subfield code="a">Weinheim</marc:subfield>
      <marc:subfield code="b">Beltz &amp; Gelberg</marc:subfield>
      <marc:subfield code="c">2014</marc:subfield>
   </marc:datafield>
   <marc:datafield ind1="1" ind2=" " tag="520">
      <marc:subfield code="a">Angaben aus der Verlagsmeldung

Mach was mit dem Grüffelo : Vierfarbiges Aktivitätsheft / von Ruth Gellersen

»Der Grüffelo musste schrecklich lachen, dann sagte er: Können wir machen.« Was Kinder mit dem Grüffelo so alles machen, spielen und entdecken können, steckt in diesem Heft:

Den Spielplatz Wald erobern - Tiere beobachten - Pflanzen entdecken - den Lebensraum von Maus, Eule, Fuchs &amp; Co. kennenlernen - Monster malen - Schisser-Spiel - Mut-mach-Tipps - Grüffelogrütze kochen - ein Grüffelokostüm basteln - Grüffelo-Würfelspiel u.v.m.

Themen: Abenteuer im Wald, Emotionen: Mut &amp; Angst

Gute Bilderbücher zeichnen sich durch ihre Vielschichtigkeit aus. Diese spielerisch weiterzuführen, ist das Konzept der Aktivitätshefte: Sie greifen im Buch verankerte Themen, Gefühle, Orte auf und laden Kinder ein, Hand in Hand mit ihren Bilderbuchhelden auf Entdeckungstour zu gehen.

3 Inhaltskategorien lotsen Kinder dabei sicher durch das Heft:

- malen &amp; rätseln: Labyrinthe, Suchbilder, Puzzles u.v.m.
- basteln &amp; bauen: Bastel- und Bauanleitungen, Rezepte, Spiele u.v.m.
- wissen &amp; entdecken: spannendes Sachwissen, altersgerecht präsentiert

Die Aktivitätshefte sind für den Einsatz zu Hause konzipiert. Sie eignen sich zur eigenständigen Beschäftigung als auch zum gemeinsamen Entdecken.

Darüber hinaus können die Hefte in der Kita eingesetzt werden: Sie liefern Anregungen zur spielerischen Auseinandersetzung mit dem Bilderbuch, geben Impulse für Projekte und Spiele in der Gruppe.
</marc:subfield>
   </marc:datafield>
   <marc:datafield ind1=" " ind2=" " tag="020">
      <marc:subfield code="a">9783407727008</marc:subfield>
      <marc:subfield code="9">9783407727008</marc:subfield>
   </marc:datafield>
   <marc:datafield ind1=" " ind2=" " tag="020">
      <marc:subfield code="a">3407727003</marc:subfield>
      <marc:subfield code="9">3407727003</marc:subfield>
   </marc:datafield>
   <marc:datafield ind1=" " ind2=" " tag="041">
      <marc:subfield code="a">ger</marc:subfield>
   </marc:datafield>
   <marc:datafield ind1=" " ind2=" " tag="300">
      <marc:subfield code="a">48 S.</marc:subfield>
   </marc:datafield>
</marc:record>
